Le grand meaulnes
Uloženo v:
| Hlavní autor: | |
|---|---|
| Médium: | Kniha |
| Jazyk: | Undetermined |
| Vydáno: |
París, Francia
G.P.
1952
|
| Témata: | |
| Tagy: |
Přidat tag
Žádné tagy, Buďte první, kdo vytvoří štítek k tomuto záznamu!
|
MARC
| LEADER | 00000nam a2200000Ia 4500 | ||
|---|---|---|---|
| 008 | 170316s9999 xx 000 0 und d | ||
| 040 | |a cru BVZT | ||
| 090 | |a 840 F-7g | ||
| 100 | |a Fournier, Alain | ||
| 245 | |a Le grand meaulnes | ||
| 260 | |a París, Francia | ||
| 260 | |b G.P. | ||
| 260 | |c 1952 | ||
| 300 | |a 222 páginas | ||
| 650 | |a LITERATURA FRANCESA | ||
| 999 | |c 7688 |d 7688 | ||
| 942 | |c 15 D |h 840 F-7g |2 z | ||
